000 00346nam a22001217a 4500
082 _b200 THE
100 _aHAMEED ULLAH
_970346
245 _aTH-SOF-1706-Discrete time control of 2 axis gimbal
260 _aISLAMABAD
_bNUST COLLEGE OF EME
_c2019
650 _aMS-ELECT-2016 MSTHESIS
700 _aSupervisor Dr. FAHAD MUMTAZ MALIK
942 _cCF
999 _c577336
_d577336